Music Quiz

Random Music or Christianity Quiz
Score 0/195 Timer 08:00
0 Plays Today
% Correct
a
95%
the
95%
a
95%
the
95%
the
95%
the
95%
and
95%
the
95%
the
95%
a
95%
a
95%
and
95%
a
95%
and
95%
a
95%
me
70.4%
me
70.4%
me
70.4%
me
70.4%
me
70.4%
me
70.4%
me
70.4%
me
70.4%
me
70.4%
me
70.4%
love
70.2%
love
70.2%
your
59.8%
your
59.8%
your
59.8%
your
59.8%
your
59.8%
your
59.8%
to
59.8%
to
59.8%
to
59.8%
to
59.8%
your
59.8%
your
59.8%
your
59.8%
in
59.6%
on
59.6%
in
59.6%
on
59.6%
for
59.4%
for
59.4%
for
59.4%
for
59.4%
for
59.4%
for
59.4%
for
59.4%
of
55.7%
of
55.7%
so
54.7%
so
54.7%
so
54.7%
My
53.2%
my
53.2%
are
48.9%
can
46.4%
can
46.4%
can
46.4%
all
45.5%
all
45.5%
heart
43.5%
% Correct
see
42%
that
42%
that
42%
see
42%
see
42%
see
42%
that
42%
give
41%
give
41%
give
41%
give
41%
give
41%
give
41%
give
41%
give
41%
give
41%
one
37.5%
one
37.5%
why
34.8%
why
34.8%
have
34.6%
have
34.6%
just
33.3%
just
33.3%
just
33.3%
eyes
31.1%
eyes
31.1%
eyes
31.1%
eyes
31.1%
eyes
31.1%
eyes
31.1%
from
30.6%
from
30.6%
i
30%
i
30%
i
30%
i
30%
his
30%
I
30%
i
30%
i
30%
world
29.8%
at
29%
her
28.8%
her
28.8%
our
28.6%
out
28%
out
28%
too
28%
out
28%
by
25.9%
never
25.5%
never
25.5%
broken
24.6%
broken
24.6%
time
24%
down
23.2%
man
23%
people
22.4%
people
22.4%
those
21.7%
second
21.7%
everything
21.7%
those
21.7%
second
21.7%
% Correct
everything
21.7%
going
20.3%
going
20.3%
keep
20.1%
hearted
20.1%
keep
20.1%
humanity
19.5%
humanity
19.5%
tell
19%
high
18%
missing
17.4%
far
17.4%
hes
17.4%
hes
17.4%
missing
17.4%
sky
17%
ones
16.8%
ones
16.8%
Best
16.4%
beyond
16.4%
best
16.4%
reach
15.9%
does
15.9%
arms
15.7%
red
15.7%
girl
15.5%
somewhere
15.3%
forgotten
15.3%
right
15.3%
somewhere
15.3%
city
14.9%
cared
14.9%
cared
14.9%
bright
14.5%
Looked
14.3%
there's
14.3%
black
14.3%
work
13.9%
lights
13.7%
mile
13.7%
tonight
13.5%
tie
13.5%
house
13.3%
meet
13%
suit
12.6%
wife
12.6%
seat
12.4%
street
12%
hold
11.6%
buying
11.6%
ashamed
11.4%
Traced
10.8%
what's
10.6%
chaos
10.4%
busy
10.4%
hide
10.4%
breath
10.1%
confusion
10.1%
underneath
10.1%
stop
9.9%
smile
9.9%
sudden
8.5%
familiar
8.5%
shock
7.9%
step
7.9%
Remove Ads.
Support Sporcle.
Get the best of Sporcle when you Go Orange. This ad-free experience offers more features, more stats, and more fun while also helping to support Sporcle. Thank you for becoming a member.

You're not logged in!

Compare scores with friends on all Sporcle quizzes.
OR
Log In

Show Comments

Extras

Top Quizzes Today


Score Distribution

Your Account Isn't Verified!

In order to create a playlist on Sporcle, you need to verify the email address you used during registration. Go to your Sporcle Settings to finish the process.

Report this User

Report this user for behavior that violates our Community Guidelines.

Details: